000 00554nam a2200169Ia 4500
003 LK-CoDNM
008 010623t2011 xxu||||| |||| 00| 1 sin d
040 _aLK-CoDNM
_dLK-CoDNM
_eLK-CoDNM
041 _asin
080 _a030.8
_bGUN
100 _aGunarathne,Kumari
245 _aළමුන් සඳහා ඉංග්‍රීසි - සිංහල පින්තුර ශබ්ද කෝෂය
246 _aLamun Sadaha Ingrisi-Sinhala Pinthura Shabda Koshaya
260 _bRathne
_aColombo
_c2011
300 _b80, Iill, 30 cm
942 _cBK
999 _c131962
_d131962